Beyond the Kremlin’s reach? Eastern Europe and China in the Cold War era
| Titel: | Beyond the Kremlin’s reach? Eastern Europe and China in the Cold War era / Jan Zofka, Péter Vámos, Sören Urbansky |
|---|---|
| Verfasser: | ; ; |
| In: |
Cold war history, Band 18, Heft 3 (2018), Seite 251-256 alle Artikel anzeigen |
| Veröffentlicht: | 2018 |
| Format: | Aufsatz |
| Sprache: | Englisch |
X
alg: 50639381 001A $03025:29-03-23 001B $01999:29-03-23 $t22:37:31.000 001D $03025:29-03-23 001U $0utf8 001X $00 002@ $0Oou 002C $aText $btxt $2rdacontent 002D $aComputermedien $bc $2rdamedia 002E $aOnline-Ressource $bcr $2rdacarrier 003@ $050639381X 007A $050639381X $aHEB 009Q $uhttps://doi.org/10.1080/14682745.2018.1453253 $xH 010@ $aeng 010E $erda 011@ $a2018 021A $aBeyond the Kremlin’s reach? Eastern Europe and China in the Cold War era $hJan Zofka, Péter Vámos, Sören Urbansky 028A $BVerfasser $4aut $71073831728 $8Zofka, Jan$Z1975- [Tp3] $9361980698 028C $BVerfasser $4aut $8Vámos, Péter$Z1969- [Tp3] $9467453381 028C $BVerfasser $4aut $7136076564 $8Urbansky, Sören$Z1980- [Tp3] $9203181859 031A $d18 $e3 $h251-256 $j2018 039B $aEnthalten in $8--Obvc--. Cold war history. - London : Cass, 2000-. - Online-Ressource. - ISSN 1743-7962 $x201800000180003749 $9104512997 044K $REuropa $ROstblock $ROstmitteleuropa $#Europa, Ost $#Östliches Europa $#Central Europe Osteuropa $74075739-0 $8Osteuropa [Tg1] $9085214396 044K $RRelation $#Wechselbeziehung $#Beziehungen $74145198-3 $8Beziehung [Ts1] $9085577189 044K $RTaiwan $#中国 $#中國 $#Rotchina $#Zhongguo Diguo $#Zhongguo-Diguo $#Kaiserreich Zhongguo $#Zhongguo Volksrepublik $#Chung-kuo Renmin-Gongheguo $#Zhonghua-minguo 1911-1949 $#Chung-hua-min-kuo 1911-1949 $#China Renmin-Gongheguo $#Zhonghua-Renmin-Gongheguo $#Kaiserreich China $#China Diguo $#PRC $#Zhongguo Renmin-Gongheguo $#Shinkoku $#Chung-hua-jen-min-kung-ho-kuo $#Zhonghua Renmin-Gongheguo $#Zhongguo $#China Volksrepublik $#Volksrepublik China $#Zhongguo $#VR China $#China People's Republic $#People's Republic of China $#Zhong guo $#PRC People's Republic of China $#Zhonghua renmin gongheguo $#République populaire de Chine $#Chung-kuo kuo min cheng fu $#China Republic : 1912-1949 $#Chine $#KNR Kytajsʹkaja Narodnaja Respublika $#Zhongguo renmin gongheguo $#Chinese People's Republic $#Kytajsʹkaja Narodnaja Respublika $#Chinese People’s Republic $#Republic of China 1912-1949 $#Chung-hua min kuo 1912-1949 $#Chung-kuo $#中华人民共和国 $74009937-4 $8China [Tg1] $908501933X 044K $RInternationaler Konflikt $ROst-West-Beziehungen $#Cold War $#Guerre froide $#Guerra fredda $#Guerra fría $#Kalter Krieg $#Ost-West-Konflikt $#Ost-West-Gegensatz $#West-Ost-Konflikt $#Kalter Krieg $74075770-5 $8Ost-West-Konflikt [Ts1] $9085214612 045F $a900.94370904 $eDDC23BSB 045F/01 $a900 045F/03 $f0904 045F/03 $g437 045F/03 $g47 045F/03 $g51 045R $aGeschichte 1949-1989 lok: 50639381 78 exp: 50639381 78 1 #EPN 201B/01 $029-03-23 $t16:19:26.000 201C/01 $029-03-23 201U/01 $0utf8 203@/01 $01230201181 208@/01 $a29-03-23 $be 209A/01 $a/ $f000 $x00 209A/01 $ab*p $x01 220C/01 $apgar 244Z/01 $#Ostmitteleuropa $#Ostmitteleuropa $#Mitteleuropa, Ost $#Central Europe Ostmitteleuropa $#Mittelosteuropa $74075753-5 $8--Tg1--Ostmitteleuropa $x05 $9085214485 247C/01 $82080>Marburg/Lahn, Herder-Institut, Forschungsbibliothek, Bibliographieportal $9336309341
| LEADER | 00000caa a2200000 c 4500 | ||
|---|---|---|---|
| 001 | 50639381X | ||
| 003 | DE-603 | ||
| 005 | 20230329223731.0 | ||
| 007 | cr|||||||||||| | ||
| 008 | 230329s2018 xx |||| o| u00||u|eng c | ||
| 035 | |a (DE-599)HEB50639381X | ||
| 040 | |a DE-603 |b ger |c DE-603 |d DE-603 |e rda | ||
| 041 | |a eng | ||
| 082 | 0 | 4 | |8 1\u |a 900.94370904 |q DE-101 |2 23/BSB |
| 085 | |8 1\u |b 900 | ||
| 085 | |8 1\u |z 1 |s 0904 | ||
| 085 | |8 1\u |z 2 |s 437 | ||
| 085 | |8 1\u |z 2 |s 47 | ||
| 085 | |8 1\u |z 2 |s 51 | ||
| 100 | 1 | |a Zofka, Jan |d 1975- |e Verfasser |4 aut |0 (DE-603)361980698 |0 (DE-588)1073831728 |2 gnd | |
| 245 | 0 | 0 | |a Beyond the Kremlin’s reach? Eastern Europe and China in the Cold War era |c Jan Zofka, Péter Vámos, Sören Urbansky |
| 264 | 0 | |c 2018 | |
| 336 | |a Text |b txt |2 rdacontent | ||
| 337 | |a Computermedien |b c |2 rdamedia | ||
| 338 | |a Online-Ressource |b cr |2 rdacarrier | ||
| 648 | 7 | |a Geschichte 1949-1989 |2 gnd | |
| 650 | 7 | |a Beziehung |0 (DE-588)4145198-3 |0 (DE-603)085577189 |2 gnd | |
| 650 | 7 | |a Ost-West-Konflikt |0 (DE-588)4075770-5 |0 (DE-603)085214612 |2 gnd | |
| 651 | 7 | |a Osteuropa |0 (DE-588)4075739-0 |0 (DE-603)085214396 |2 gnd | |
| 651 | 7 | |a China |0 (DE-588)4009937-4 |0 (DE-603)08501933X |2 gnd | |
| 700 | 1 | |a Vámos, Péter |d 1969- |e Verfasser |4 aut |0 (DE-603)467453381 |0 (DE-588)1215057180 |2 gnd | |
| 700 | 1 | |a Urbansky, Sören |d 1980- |e Verfasser |4 aut |0 (DE-603)203181859 |0 (DE-588)136076564 |2 gnd | |
| 773 | 0 | 8 | |i Enthalten in |t Cold war history |d London : Cass, 2000- |h Online-Ressource |x 1743-7962 |g Band 18, Heft 3 (2018), Seite 251-256 |w (DE-603)104512997 |w (DE-600)2077986-0 |
| 856 | |u https://doi.org/10.1080/14682745.2018.1453253 |x Verlag | ||
| 924 | 1 | |9 2080 |a (DE-603)1230201181 |b DE-2080 |c HES |d d |g / | |


